|
|
|
|
| LEADER |
00000nam a2200000 a 4500 |
| 001 |
vtls001336718 |
| 003 |
SK-MaSNL |
| 005 |
20260416164836.0 |
| 008 |
240509s1989 xr 0 cze |
| 020 |
|
|
|a 8085114720
|
| 035 |
|
|
|a SNK000289706
|
| 040 |
|
|
|a SNK
|b slo
|c SNK
|e AACR2
|
| 041 |
0 |
|
|a cze
|
| 044 |
|
|
|a xr
|c CZ
|
| 080 |
|
|
|a 639(075.8)
|2 1981
|
| 100 |
1 |
|
|a Zabloudil, František
|4 aut
|9 371559
|
| 245 |
1 |
0 |
|a Myslivost pro veterinární lékaře
|b pro posl. Vysoké školy veterinární v Brně
|c František Zabloudil, Dušan Macek
|
| 260 |
|
|
|a Praha
|b Státní pedagogické nakladatelství
|c 1989
|
| 300 |
|
|
|a [2], 153 s.
|c 4°
|
| 500 |
|
|
|a Vyd. Vysoká škola veterinární. Brno
|
| 650 |
0 |
7 |
|a poľovníctvo
|2 SNK
|9 2774
|
| 655 |
|
7 |
|a Textbooks (higher)
|2 SNKPHeng
|9 276436
|
| 655 |
|
7 |
|a učebnice vysokých škôl
|2 SNKPH
|9 70191
|
| 700 |
1 |
|
|a Macek, Dušan
|4 aut
|9 371560
|
| 919 |
|
|
|a 80-85114-72-0
|
| 958 |
|
|
|a RK
|
| 958 |
|
|
|a OND
|
| 999 |
|
|
|c 615519
|d 617449
|
| 952 |
|
|
|t P60, <04>, [BOOK], {604}
|a SNK
|b SNK
|y VYP
|7 0
|o snkIB 63228
|i snkKIP 13267/89
|0 0
|1 0
|4 0
|d 1998-07-09
|l 0
|r 2005-01-02 00:00:00
|w 2026-02-23
|
| 952 |
|
|
|t P60, <04>, [BOOK], {604}
|a SNK
|b SNK
|y VYP
|7 0
|o snkIB 63228 D1
|i snkKIP 13268/89
|0 0
|1 0
|4 0
|d 1998-07-09
|l 0
|r 2005-01-02 00:00:00
|w 2026-02-23
|